• AIU
  • Tony Wilmot Memorial Library

Knowing God's secrets : (Record no. 23467)

MARC details
000 -LEADER
fixed length control field 00799nam a22002531a 4500
001 - CONTROL NUMBER
control field 8461293
005 - DATE AND TIME OF LATEST TRANSACTION
control field 20160723020002.0
008 - FIXED-LENGTH DATA ELEMENTS--GENERAL INFORMATION
fixed length control field 770813s1965 xx 000 0 eng
010 ## - LIBRARY OF CONGRESS CONTROL NUMBER
LC control number 65019497
035 ## - SYSTEM CONTROL NUMBER
System control number (OCoLC)3185318
040 ## - CATALOGING SOURCE
Original cataloging agency DLC
Transcribing agency SdSifB
Modifying agency DLC
042 ## - AUTHENTICATION CODE
Authentication code premarc
050 00 - LIBRARY OF CONGRESS CALL NUMBER
Classification number BV 4501.2.H84 1965
Item number BV 4501.2.H84 1965
082 0# - DEWEY DECIMAL CLASSIFICATION NUMBER
Classification number 248.4
100 1# - MAIN ENTRY--PERSONAL NAME
Personal name Hunter, John Edward,
Dates associated with a name 1909-
245 10 - TITLE STATEMENT
Title Knowing God's secrets :
Remainder of title the secret of the effective Christian life /
Statement of responsibility, etc by John Hunter.
260 ## - PUBLICATION, DISTRIBUTION, ETC. (IMPRINT)
Place of publication, distribution, etc Grand Rapids :
Name of publisher, distributor, etc Zondervan Publishing House,
Date of publication, distribution, etc [1965]
300 ## - PHYSICAL DESCRIPTION
Extent 151p : 21cm.
650 #0 - SUBJECT ADDED ENTRY--TOPICAL TERM
Topical term or geographic name as entry element Christian life.
906 ## - LOCAL DATA ELEMENT F, LDF (RLIN)
a 7
b cbc
c oclcrpl
d u
e ncip
f 19
g y-gencatlg
985 ## -
-- OCLC REPLACEMENT cdsdistr
991 ## -
-- c-GenColl
-- BV4501.2
-- .H84
-- Copy 1
-- OCLCREP
942 00 - ADDED ENTRY ELEMENTS (KOHA)
Koha issues (borrowed), all copies 3
Holdings
Withdrawn status Lost status Source of classification or shelving scheme Damaged status Not for loan Collection code Home library Current library Shelving location Date acquired Cost, normal purchase price Total Checkouts Total Renewals Full call number Barcode Date last seen Date checked out Copy number Price effective from Koha item type
    Library of Congress Classification     General Circulation AIU/NEGST - Tony Wilmot Memorial Library AIU/NEGST - Tony Wilmot Memorial Library General Stacks 10/08/2009 15.00 11 3 BV 4501.2.H84 1965 R156053232 07/30/2018 07/11/2018 1 10/08/2009 Books